Gefragt-Gejagt Schnellraterunde (2) - Statistiken

Allgemein
  • Dieses Quiz wurde 433 mal gespielt
  • Das Durchschnittsergebnis liegt bei 4 aus 23
Antwortstatistiken
# Frage Antwort % Korrekt
1 In welcher Stadt tagt der Landtag von Schleswig-Holstein? Kiel
85%
2 In welchem Jahrzehnt verstarb Elvis Presley? 1970er-Jahre
66%
3 Nach wem wurde der Gregorianische Kalender benannt? Papst (Gregor), Papst Gregor XIII.
60%
9 Wie wird der hinterste Teil des Fußes genannt? Ferse, Hacke, Hacken
55%
5 Präsident der FIFA war von 1998 bis 2016 Sepp ...? Blatter
50%
10 Die beiden Comic-Hauptstädte Europas liegen in Belgien und welchem anderen Land? Frankreich
25%
13 In welcher Wirtschaft kommt ein Pflug zum Einsatz? Landwirtschaft
23%
6 Welcher spätere Herrscher Roms wurde vom Diktator Sulla am Eintritt in die Politik gehindert? Cäsar, Gaius Julius Cäsar
14%
14 Welche grüne Frucht zerdrückt man bei der Zubereitung einer Caipirinha in Zucker? Limette
14%
11 Welcher Präsident brachte seinen Labrador Koney zu einem Gespräch mit Angela Merkel mit? Wladimir Putin, Russischer Präsident
11%
4 Wie heißt in zahlreichen Lucky-Luke-Comics der größte und dümmste der Brüder Dalton? Averell
8%
15 "Limerick" heißt eine Gedichtform und auch eine Stadt in welchem Land Europas? Irland
8%
7 Wer wurde durch seine Nebenrolle im Film "Easy Rider" zum Star? Jack Nicholson
3%
17 1964 veröffentlichten die Beatles ihr Album "A Hard Day's ..."? Night
3%
18 Welches festliche Kleid hat eine Tageszeit im Namen? Abendkleid
2%
8 Welche Moderatorin begrüßte 1998 erstmals Talkgäste in der Sendung "Riverboat"? Kim Fisher
2%
19 In welchem Mittelgebirge liegt die Deutsche Uhrenstraße? Schwarzwald
2%
20 Beim Poolbillard hat die Kugel mit der 2 welche Farbe? Blau
1%
16 Die mit Tränen säen, ernten laut Bibel mit ...? Freuden, Jubel
1%
22 Der Nominativ Plural von "Haarband" lautet ...? Haarbänder
1%
21 Welche Maus ist die Hauptfigur im Zeichentrick-Klassiker "Fantasia"? Micky Maus
1%
23 Welche kanadische Stadt heißt übersetzt Königsberg? Montreal
1%
12 Was bedeutet das aus dem Griechischen stammende Wort "Synode"? Versammlung, Treffen, gemeinsamer Weg, Zusammenkunft
1%
Keine übereinstimmenden Quizze gefunden
Verteilung der Resultate
Anzahl Personen mit jedem Resultat
Perzentil nach korrekt beantworteten Fragen
Ihre Resultats-Entwicklung
Sie haben dieses Quiz noch nicht gespielt